000 01208nmm a2200325 a 4500
001 ocm000924601
003 TR-IsHL
005 20201028145517.0
008 150110s2014 tu tur
007 cr cn
020 _a9786058535305
035 _a924601
_b(N$T)
050 0 4 _aDR590
_b.K89 2014
090 0 4 _aDR590
_b.K89 2014
100 1 _aKuzu, Ali
245 1 0 _aAtatürk ve CHP'nin saklı tarihi
_h[electronic resource] /
_cAli Kuzu
260 _aİstanbul :
_bParola Yayınları,
_c2014
300 _a283 p.
650 4 _aPolitika ve Uluslararası İlişkiler
650 4 _aPolitics and International Relations
650 0 _aAtatürk, Mustafa Kemal, 1881-1938
650 0 _aTürkiye
_x Politika ve yönetim
_x 1918-1960
650 0 _aTurkey
_x Politics and government
_x 1918-1960
650 0 _aCumhuriyet Halk Partisi (Türkiye)
_x Tarih
650 0 _aCumhuriyet Halk Partisi (Turkey)
_x History
650 0 _aSiyasi partiler
_x Türkiye
_x Tarih
650 0 _aPolitical parties
_x Turkey
_x History
650 7 _aHISTORY / Middle East / Turkey & Ottoman Empire
_2bisacsh
856 4 0 _uhttp://search.ebscohost.com/login.aspx?direct=true&scope=site&db=e011xww&AN=924601
999 _c9986
_d9986